[Event "Bydgoszcz op"]
[Site "Bydgoszcz"]
[Date "2024.09.02"]
[Round "8"]
[White "Domin, Yan"]
[Black "Kondys, Piotr"]
[Result "1/2-1/2"]
[WhiteElo "2148"]
[BlackElo "2202"]
[PlyCount "157"]
[EventDate "2024.08.26"]
[EventType "swiss"]
[EventRounds "9"]
[EventCountry "POL"]
[SourceTitle "EXT 2025"]
[Source "ChessBase"]
[SourceDate "2024.10.14"]
[SourceVersion "1"]
[SourceVersionDate "2024.10.14"]
[SourceQuality "1"]

1. e4 e6 2. d4 d5 3. e5 c5 4. c3 Bd7 5. Nf3 Nc6 6. a3 c4 7. Nbd2 Na5 8. g3 Ne7 9. Bg2 Nc8 10. 0-0 Nb6 11. Ne1 Ba4 12. Qe2 h5 13. h3 Nb3 14. Rb1 g6 15. Nc2 Nxd2 16. Qxd2 Bxc2 17. Qxc2 Qd7 18. f4 0-0-0 19. Be3 Kb8 20. Bf3 Be7 21. Bd1 Rc8 22. a4 a5 23. Kg2 Ka7 24. Ra1 Qc6 25. Qe2 Qd7 26. Bc2 Rc7 27. Kf2 Rh7 28. Rh1 Rh8 29. Kg2 Qe8 30. Qf1 Qd7 31. Kf2 Rcc8 32. Kg2 Rc7 33. Kf3 Rcc8 34. Ke2 Rh7 35. Qf3 Ka6 36. Kd2 Ka7 37. Qd1 Qc6 38. Qf3 Qd7 39. Qe2 Ka8 40. Qg2 Ka7 41. Ke2 Ka6 42. Kf3 Ka7 43. Qd2 Qc6 44. Kg2 Ka6 45. Bd1 Ka7 46. Qc2 Qd7 47. Be2 Rc7 48. Bf2 Rh8 49. Bd1 Rh7 50. Qe2 Rc8 51. Bc2 Ka8 52. Qd1 Ka7 53. Qb1 Qc6 54. Qa2 Qd7 55. Rae1 Rhh8 56. Be3 Ka6 57. Ref1 Ka7 58. Ra1 Ka6 59. Qb1 Rh7 60. Qf1 Ka7 61. Qf3 Ka8 62. Rh2 Ka7 63. Bg1 Ka8 64. Kh1 Qe8 65. Qd1 Qd7 66. Qf1 Qe8 67. Qb1 Qc6 68. Qa2 Ka7 69. Rf1 Rh6 70. Rff2 Ka8 71. Rfg2 Ka7 72. Be3 Rh7 73. Qa1 Ka8 74. Qd1 Rch8 75. Kg1 Ka7 76. Kf1 Ka8 77. Kg1 Ka7 78. Bf2 Rh6 79. Kh1 1/2-1/2

[Event "Bydgoszcz op"]
[Site "Bydgoszcz"]
[Date "2024.08.31"]
[Round "6"]
[White "Zebracki, Tomasz"]
[Black "Kondys, Piotr"]
[Result "1/2-1/2"]
[WhiteElo "2225"]
[BlackElo "2202"]
[PlyCount "85"]
[EventDate "2024.08.26"]
[EventType "swiss"]
[EventRounds "9"]
[EventCountry "POL"]
[SourceTitle "EXT 2025"]
[Source "ChessBase"]
[SourceDate "2024.10.14"]
[SourceVersion "1"]
[SourceVersionDate "2024.10.14"]
[SourceQuality "1"]

1. d4 e6 2. c4 Nf6 3. Nc3 Bb4 4. Nf3 0-0 5. e3 d6 6. Bd3 b6 7. 0-0 Bxc3 8. bxc3 Bb7 9. Re1 Ne4 10. Qc2 f5 11. Nd2 Qh4 12. g3 Qf6 13. Bf1 Nd7 14. Bg2 Qg6 15. f3 Nef6 16. Re2 Rae8 17. a4 a5 18. Ba3 c5 19. e4 fxe4 20. fxe4 Ng4 21. Rae1 Rf7 22. Nf1 Ref8 23. Bc1 Qh5 24. h3 Nf2 25. Bf4 Nxh3+ 26. Bxh3 Qxh3 27. Rh2 Qg4 28. Bxd6 Bxe4 29. Qe2 Qxe2 30. Rhxe2 Rxf1+ 31. Rxf1 Rxf1+ 32. Kxf1 Bd3 33. Kf2 Bxe2 34. Kxe2 Kf7 35. Kf3 Kf6 36. Bc7 cxd4 37. cxd4 e5 38. d5 h5 39. g4 hxg4+ 40. Kxg4 Kg6 41. Bd8 Kf7 42. Kf5 g6+ 43. Kg5 1/2-1/2

[Event "Ustron op-A"]
[Site "Ustron"]
[Date "2024.08.17"]
[Round "9"]
[White "Kubik, Rafal"]
[Black "Kondys, Piotr"]
[Result "1-0"]
[WhiteElo "2235"]
[BlackElo "2202"]
[PlyCount "105"]
[EventDate "2024.08.09"]
[EventType "swiss"]
[EventRounds "9"]
[EventCountry "POL"]
[SourceTitle "EXT 2025"]
[Source "ChessBase"]
[SourceDate "2024.10.14"]
[SourceVersion "1"]
[SourceVersionDate "2024.10.14"]
[SourceQuality "1"]

1. e4 e6 2. d4 d5 3. e5 c5 4. c3 Bd7 5. Nf3 Nc6 6. Be2 Nge7 7. Na3 cxd4 8. cxd4 Nf5 9. Nc2 Qb6 10. 0-0 Rc8 11. Kh1 Na5 12. Re1 Be7 13. Bd3 h6 14. g4 Nh4 15. Nxh4 Bxh4 16. Re2 Be7 17. f4 Bb5 18. f5 Kd7 19. Ne1 Bxd3 20. Qxd3 Rc4 21. Nf3 Rhc8 22. Bd2 Qa6 23. Rae1 Bb4 24. fxe6+ Qxe6 25. h3 Bxd2 26. Nxd2 Rb4 27. b3 Nc6 28. Nf3 Rb6 29. Nh4 Rb4 30. Nf5 Rg8 31. a3 Rb6 32. Rf1 Nd8 33. Ne3 Qg6 34. Nf5 Ke6 35. b4 h5 36. g5 Rc6 37. Qf3 Rc4 38. Rd2 Qxg5 39. Ne3 Rc3 40. Qxd5+ Ke7 41. Nf5+ Kf8 42. Rh2 Rc1 43. Ne3 Rxf1+ 44. Nxf1 g6 45. Rg2 Qh4 46. Kh2 Ne6 47. Ng3 Qxd4 48. Qxb7 Nf4 49. Qb8+ Kg7 50. Nf5+ Kh7 51. Qxg8+ Kxg8 52. Nxd4 Nxg2 53. Kxg2 1-0

[Event "Ustron op-A"]
[Site "Ustron"]
[Date "2024.08.14"]
[Round "6"]
[White "Golis, Wiktor"]
[Black "Kondys, Piotr"]
[Result "1-0"]
[WhiteElo "2216"]
[BlackElo "2202"]
[PlyCount "121"]
[EventDate "2024.08.09"]
[EventType "swiss"]
[EventRounds "9"]
[EventCountry "POL"]
[SourceTitle "EXT 2025"]
[Source "ChessBase"]
[SourceDate "2024.10.14"]
[SourceVersion "1"]
[SourceVersionDate "2024.10.14"]
[SourceQuality "1"]

1. e4 e6 2. d4 d5 3. Nd2 Be7 4. e5 c5 5. c3 Nc6 6. Bd3 cxd4 7. cxd4 Bd7 8. Ne2 Nh6 9. Nf3 Nf5 10. Nc3 Nh4 11. Nxh4 Bxh4 12. Qg4 Kf8 13. 0-0 h5 14. Qf4 Be7 15. Be3 Nb4 16. Bb1 Be8 17. Qf3 Rc8 18. Qe2 Qb6 19. Rc1 Nc6 20. Bd3 a6 21. Na4 Qa7 22. Qd1 b6 23. a3 g6 24. Qf1 Ra8 25. Nc3 Na5 26. Rd1 b5 27. f4 Nb3 28. Rab1 Rc8 29. Ne2 Kg7 30. Qf3 Bd8 31. g3 Bb6 32. Kg2 a5 33. h3 b4 34. axb4 axb4 35. g4 hxg4 36. hxg4 Ba4 37. f5 Bd8 38. Rh1 Bh4 39. fxe6 Qe7 40. exf7 Qxf7 41. Qxf7+ Kxf7 42. Rbf1+ Kg7 43. Nf4 Rc6 44. e6 g5 45. Nh5+ Rxh5 46. gxh5 Rxe6 47. Rh3 Be8 48. Bf5 Rc6 49. Bf4 Bxh5 50. Be5+ Kh6 51. Rxb3 Be2 52. Ra1 g4 53. Ra8 Kg5 54. Bd7 Rc2 55. Rg8+ Kh6 56. Bf4+ Kh7 57. Bf5+ Kxg8 58. Bxc2 Be1 59. Re3 Bf3+ 60. Rxf3 gxf3+ 61. Kxf3 1-0

[Event "Warsaw Najdorf Memorial op-A"]
[Site "Warsaw"]
[Date "2024.07.11"]
[Round "3"]
[White "Czajkowski, Adam"]
[Black "Kondys, Piotr"]
[Result "1/2-1/2"]
[WhiteElo "2184"]
[BlackElo "2089"]
[PlyCount "45"]
[EventDate "2024.07.09"]
[EventType "swiss"]
[EventRounds "9"]
[EventCountry "POL"]
[SourceTitle "EXT 2025"]
[Source "ChessBase"]
[SourceDate "2024.10.14"]
[SourceVersion "1"]
[SourceVersionDate "2024.10.14"]
[SourceQuality "1"]

1. e4 e6 2. d3 c5 3. Nf3 Nc6 4. g3 g6 5. Bg2 Bg7 6. 0-0 Nge7 7. c3 e5 8. a3 a5 9. Nbd2 a4 10. Re1 d6 11. b4 axb3 12. Qxb3 Na5 13. Qc2 b5 14. Rb1 Ba6 15. a4 bxa4 16. Qxa4+ Nac6 17. Qc2 0-0 18. Nb3 Na5 19. Nxa5 Qxa5 20. Bd2 Rfb8 21. Ra1 Qb5 22. Bf1 Qd7 23. Reb1 1/2-1/2

[Event "Bohumin op-A 7th"]
[Site "Bohumin"]
[Date "2024.07.05"]
[Round "8"]
[White "Kondys, Piotr"]
[Black "Wierzbicki, Dawid"]
[Result "1/2-1/2"]
[WhiteElo "2111"]
[BlackElo "1948"]
[PlyCount "70"]
[EventDate "2024.06.29"]
[EventType "swiss"]
[EventRounds "9"]
[EventCountry "CZE"]
[SourceTitle "CBM 221 Extra"]
[Source "ChessBase"]
[SourceDate "2024.09.30"]
[SourceVersion "1"]
[SourceVersionDate "2024.09.30"]
[SourceQuality "1"]

1. e4 Nc6 2. Nf3 d6 3. d4 Nf6 4. Nc3 g6 5. h3 Bg7 6. Be3 0-0 7. Qd2 e5 8. 0-0-0 d5 9. exd5 Nxd5 10. dxe5 Nxe3 11. Qxe3 Bd7 12. Bc4 Re8 13. Qf4 Qe7 14. Nd5 Qf8 15. Nf6+ Bxf6 16. exf6 Be6 17. Bxe6 Rxe6 18. Rd7 Re2 19. Nd4 Nxd4 20. Qxd4 Rae8 21. Rd1 c5 22. Qf4 b5 23. h4 c4 24. h5 c3 25. hxg6 hxg6 26. Rh1 cxb2+ 27. Kxb2 Rc8 28. Rc7 Rxc7 29. Qxc7 Qb4+ 30. Ka1 Re1+ 31. Rxe1 Qxe1+ 32. Kb2 Qb4+ 33. Kc1 Qe1+ 34. Kb2 Qb4+ 35. Ka1 Qe1+ 1/2-1/2

[Event "Bohumin op-A 7th"]
[Site "Bohumin"]
[Date "2024.06.30"]
[Round "2"]
[White "Velicka, Petr"]
[Black "Kondys, Piotr"]
[Result "0-1"]
[WhiteElo "2368"]
[BlackElo "2111"]
[PlyCount "84"]
[EventDate "2024.06.29"]
[EventType "swiss"]
[EventRounds "9"]
[EventCountry "CZE"]
[SourceTitle "CBM 221 Extra"]
[Source "ChessBase"]
[SourceDate "2024.09.30"]
[SourceVersion "1"]
[SourceVersionDate "2024.09.30"]
[SourceQuality "1"]

1. e4 e6 2. d4 d5 3. Nc3 Bb4 4. Nge2 Ba5 5. a3 c6 6. Bf4 Ne7 7. f3 Nd7 8. b4 Bc7 9. Bxc7 Qxc7 10. e5 a5 11. Rb1 axb4 12. axb4 0-0 13. Qd2 b6 14. Ng3 f6 15. exf6 Rxf6 16. Be2 Bb7 17. 0-0 Raf8 18. Bd3 e5 19. Nce2 b5 20. c3 g6 21. Rfe1 Nc8 22. Nc1 Re8 23. Nb3 Rfe6 24. Nc5 Nxc5 25. bxc5 exd4 26. cxd4 Rxe1+ 27. Rxe1 Rxe1+ 28. Qxe1 Qe7 29. Kf2 Kf7 30. Qxe7+ Nxe7 31. Nf1 Bc8 32. g4 Kf6 33. h4 h6 34. Ng3 Bd7 35. Ke3 Be8 36. Kd2 Ke6 37. Kc3 Kd7 38. Ne2 Kc7 39. Nf4 Bf7 40. Bc2 Kb7 41. Nd3 Be8 42. Ne5 Kc7 0-1

[Event "Malopolska-ch"]
[Site "Krakow"]
[Date "2024.06.01"]
[Round "6"]
[White "Kondys, Piotr"]
[Black "Wnek, Filip"]
[Result "1/2-1/2"]
[WhiteElo "2047"]
[BlackElo "1954"]
[PlyCount "88"]
[EventDate "2024.05.30"]
[EventType "swiss"]
[EventRounds "7"]
[EventCountry "POL"]
[SourceTitle "EXT 2025"]
[Source "ChessBase"]
[SourceDate "2024.10.14"]
[SourceVersion "1"]
[SourceVersionDate "2024.10.14"]
[SourceQuality "1"]

1. e4 c5 2. Nf3 d6 3. d4 cxd4 4. Qxd4 Nc6 5. Qe3 e6 6. c4 Nf6 7. Nc3 Be7 8. Be2 0-0 9. 0-0 a6 10. Rd1 Qc7 11. b3 Rd8 12. Bb2 Ng4 13. Qd2 Nge5 14. Ne1 Bd7 15. f4 Ng6 16. g3 Rac8 17. h4 h6 18. Kg2 Qb8 19. Nf3 Na7 20. h5 Nf8 21. Qd4 Nc6 22. Qe3 Be8 23. Na4 Nd7 24. Nc3 Nf6 25. Nd4 Nxd4 26. Qxd4 b5 27. Rac1 bxc4 28. Bxc4 Qb7 29. Be2 d5 30. exd5 Bc5 31. Qe5 exd5 32. Bf3 Bc6 33. Nxd5 Bxd5 34. Rxd5 Rxd5 35. Bxd5 Qxd5+ 36. Qxd5 Nxd5 37. Bd4 Nb4 38. Rxc5 Rd8 39. Rc4 Nxa2 40. Kf3 Rb8 41. Ra4 Rxb3+ 42. Kg4 Nb4 43. Bc5 Nd3 44. Ba7 Nb4 1/2-1/2

[Event "Katowice POL-HUN 10th"]
[Site "Katowice"]
[Date "2023.09.10"]
[Round "9"]
[White "Kondys, Piotr"]
[Black "Pasti, Aron"]
[Result "1-0"]
[WhiteElo "2122"]
[BlackElo "2372"]
[PlyCount "93"]
[EventDate "2023.09.09"]
[EventType "swiss (rapid)"]
[EventRounds "9"]
[EventCountry "POL"]
[SourceTitle "CBM 216 Extra"]
[Source "ChessBase"]
[SourceDate "2023.11.30"]
[SourceVersion "1"]
[SourceVersionDate "2023.11.30"]
[SourceQuality "1"]

1. e4 e5 2. Nf3 Nc6 3. Bb5 a6 4. Ba4 b5 5. Bb3 Na5 6. 0-0 d6 7. d4 exd4 8. c3 Nxb3 9. axb3 Nf6 10. Nxd4 Bb7 11. f3 c5 12. Nf5 g6 13. Ne3 Bg7 14. Na3 0-0 15. c4 b4 16. Nac2 Nd7 17. Qxd6 Ne5 18. Qxd8 Rfxd8 19. Nd5 Nd3 20. Ra2 Bxd5 21. exd5 Re8 22. Be3 Rxe3 23. Nxe3 Bd4 24. Rfa1 Re8 25. Kf1 Rxe3 26. d6 Kf8 27. Rxa6 Ke8 28. Rb6 Be5 29. Ra8+ Kd7 30. Ra7+ Ke6 31. Re7+ Kf6 32. g3 Re1+ 33. Kg2 Rd1 34. Re8 Kg7 35. d7 Bc7 36. Rc6 Nf4+ 37. gxf4 Rxd7 38. Re2 Bxf4 39. Rxc5 Rd3 40. Rc8 Rxb3 41. c5 Rd3 42. c6 Rd4 43. b3 Rd3 44. Rc2 Kh6 45. c7 Rd7 46. Rb8 Bxc7 47. Rb7 1-0

[Event "Polanica Zdroj op 59th"]
[Site "Polanica Zdroj"]
[Date "2023.08.27"]
[Round "9"]
[White "Gajdzica, Maciej"]
[Black "Kondys, Piotr"]
[Result "1/2-1/2"]
[WhiteElo "1927"]
[BlackElo "2044"]
[PlyCount "68"]
[EventDate "2023.08.19"]
[EventType "swiss"]
[EventRounds "9"]
[EventCountry "POL"]
[SourceTitle "CBM 215 Extra"]
[Source "ChessBase"]
[SourceDate "2023.09.30"]
[SourceVersion "1"]
[SourceVersionDate "2023.09.30"]
[SourceQuality "1"]

1. d4 d5 2. c4 e6 3. Nc3 a6 4. cxd5 exd5 5. Qb3 c5 6. Qxd5 cxd4 7. Qxd8+ Kxd8 8. Nd5 Be6 9. e4 dxe3 10. Nxe3 Bb4+ 11. Bd2 Bxd2+ 12. Kxd2 Nf6 13. Bd3 Nc6 14. Nf3 h6 15. Rhd1 Ke7 16. Ke1 Rhd8 17. Bf5 Rxd1+ 18. Kxd1 Nd5 19. Bxe6 Nxe3+ 20. fxe3 Kxe6 21. Ke2 Rd8 22. Rc1 f5 23. h4 g6 24. a3 Rd5 25. b4 Kf6 26. Rc4 g5 27. hxg5+ hxg5 28. g4 Ne5 29. Nxe5 Rxe5 30. Kf2 a5 31. bxa5 Rxa5 32. a4 fxg4 33. Rxg4 b5 34. axb5 Ke5 1/2-1/2

[Event "Polanica Zdroj op 59th"]
[Site "Polanica Zdroj"]
[Date "2023.08.19"]
[Round "1"]
[White "Bogdanov, Egor"]
[Black "Kondys, Piotr"]
[Result "1/2-1/2"]
[WhiteElo "2397"]
[BlackElo "2044"]
[PlyCount "131"]
[EventDate "2023.08.19"]
[EventType "swiss"]
[EventRounds "9"]
[EventCountry "POL"]
[SourceTitle "CBM 215 Extra"]
[Source "ChessBase"]
[SourceDate "2023.09.30"]
[SourceVersion "1"]
[SourceVersionDate "2023.09.30"]
[SourceQuality "1"]

1. e4 g6 2. d4 Bg7 3. Nc3 d6 4. Be3 a6 5. Qd2 Nd7 6. 0-0-0 b5 7. h4 Ngf6 8. f3 Nb6 9. Bh6 Kf8 10. g4 Bb7 11. h5 b4 12. Nce2 a5 13. d5 c5 14. dxc6 Bxc6 15. Bxg7+ Kxg7 16. Qd4 Kg8 17. hxg6 fxg6 18. Nf4 Bd7 19. e5 dxe5 20. Qxe5 Qb8 21. Qxb8+ Rxb8 22. g5 Nh5 23. Nxh5 gxh5 24. Rxh5 Bf5 25. Bd3 Bg6 26. Bxg6 hxg6 27. Rxh8+ Kxh8 28. Ne2 Rc8 29. Nf4 Kg7 30. Re1 Kf7 31. Nd3 Rc7 32. Re5 Nc4 33. Rc5 Rxc5 34. Nxc5 Ne5 35. f4 Nc6 36. Kd2 e5 37. Ke3 exf4+ 38. Kxf4 Nd4 39. b3 Nxc2 40. Nb7 Nd4 41. Nxa5 Ne2+ 42. Ke5 Nc1 43. Nc6 Nxa2 44. Kd6 Nc3 45. Ne5+ Kg7 46. Kc6 Ne4 47. Nf3 Kf7 48. Kd5 Nc3+ 49. Kc5 Na2 50. Nd4 Ke7 51. Kd5 Nc3+ 52. Ke5 Na2 53. Ne2 Nc3 54. Nf4 Kf7 55. Nd3 Ne2 56. Kd5 Nc3+ 57. Ke5 Ne2 58. Nc5 Ke7 59. Ne6 Nc3 60. Nf4 Kf7 61. Nd3 Ne2 62. Nc5 Ke7 63. Ne4 Nc3 64. Nf2 Ne2 65. Nd3 Kf7 66. Ke4 1/2-1/2

[Event "Warsaw Najdorf Memorial op-A 20th"]
[Site "Warsaw"]
[Date "2023.07.19"]
[Round "9"]
[White "Kondys, Piotr"]
[Black "Rasmussen, Jonas H"]
[Result "1/2-1/2"]
[WhiteElo "2063"]
[BlackElo "1970"]
[PlyCount "99"]
[EventDate "2023.07.11"]
[EventType "swiss"]
[EventRounds "9"]
[EventCountry "POL"]
[SourceTitle "EXT 2024"]
[Source "ChessBase"]
[SourceDate "2023.10.10"]
[SourceVersion "1"]
[SourceVersionDate "2023.10.10"]
[SourceQuality "1"]

1. e4 e5 2. Nf3 Nc6 3. d4 exd4 4. Nxd4 Nf6 5. Nc3 Bb4 6. Nxc6 bxc6 7. Bd3 d5 8. exd5 Nxd5 9. 0-0 Nxc3 10. Qe1+ Qe7 11. bxc3 Bd6 12. Bg5 Qxe1 13. Rfxe1+ Be6 14. Bf5 Kd7 15. Bxe6+ fxe6 16. Rab1 Rab8 17. c4 c5 18. Bd2 Rb6 19. a4 Rhb8 20. Rxb6 Rxb6 21. Bc3 g6 22. g3 Rb8 23. Kg2 Rf8 24. f3 Rf5 25. Kf2 Rf8 26. Ke3 Rf5 27. Ke4 Rh5 28. Re2 Rf5 29. f4 Rf8 30. Rd2 Rb8 31. Rd1 Ke7 32. Rf1 Kd7 33. Rd1 Ke7 34. Kf3 Kd7 35. h4 Rf8 36. Ke4 Kc6 37. Rb1 Kd7 38. Rb5 a6 39. Rb1 Kc6 40. Re1 Kd7 41. Rh1 Rf5 42. Bg7 h5 43. Rb1 Kc8 44. a5 Rf7 45. Be5 Be7 46. Rd1 Bd8 47. Bc3 Rf5 48. Rd3 Be7 49. Be5 Bd8 50. Rb3 1/2-1/2

[Event "Warsaw Najdorf Memorial op-A 20th"]
[Site "Warsaw"]
[Date "2023.07.11"]
[Round "1"]
[White "Cherniaiev, Tykhon"]
[Black "Kondys, Piotr"]
[Result "1-0"]
[WhiteElo "2331"]
[BlackElo "2063"]
[PlyCount "109"]
[EventDate "2023.07.11"]
[EventType "swiss"]
[EventRounds "9"]
[EventCountry "POL"]
[SourceTitle "EXT 2024"]
[Source "ChessBase"]
[SourceDate "2023.10.10"]
[SourceVersion "1"]
[SourceVersionDate "2023.10.10"]
[SourceQuality "1"]

1. Nf3 Nf6 2. c4 e6 3. d4 d5 4. Nc3 Be7 5. Bg5 Nbd7 6. e3 h6 7. Bh4 0-0 8. Qc2 a6 9. cxd5 exd5 10. Bd3 c6 11. 0-0 Re8 12. Rab1 Ne4 13. Bxe7 Qxe7 14. Bxe4 dxe4 15. Nd2 Nf6 16. b4 Bf5 17. a4 Rad8 18. Rfc1 Qe6 19. Qb3 Nd5 20. Ne2 Qg6 21. Ng3 Bg4 22. Rc5 Nf6 23. h3 Be6 24. Qd1 Rd5 25. Nb3 Rg5 26. Rxg5 Qxg5 27. Nc5 Bc8 28. Kh2 b6 29. Nb3 Nd5 30. Qd2 h5 31. a5 h4 32. Ne2 Re6 33. axb6 Rf6 34. Nf4 Nxb6 35. Nc5 Qf5 36. Qc2 g5 37. Nxe4 gxf4 38. Nxf6+ Qxf6 39. Qe4 fxe3 40. Qxe3 Be6 41. Ra1 Nd5 42. Qd2 Qf4+ 43. Qxf4 Nxf4 44. Rxa6 Bd5 45. Ra5 Bc4 46. Rc5 Bb5 47. Rg5+ Kf8 48. Rg4 Nd3 49. Rxh4 Nxf2 50. Rh8+ Ke7 51. Rb8 Ke6 52. h4 Kd5 53. Rf8 Ke6 54. Rg8 Be2 55. Re8+ 1-0

[Event "Bohumin op-A 6th"]
[Site "Bohumin"]
[Date "2023.07.05"]
[Round "5"]
[White "Kondys, Piotr"]
[Black "Fargac, Martin"]
[Result "1/2-1/2"]
[WhiteElo "2063"]
[BlackElo "2354"]
[PlyCount "68"]
[EventDate "2023.07.01"]
[EventType "swiss"]
[EventRounds "9"]
[EventCountry "CZE"]
[SourceTitle "CBM 215 Extra"]
[Source "ChessBase"]
[SourceDate "2023.09.30"]
[SourceVersion "1"]
[SourceVersionDate "2023.09.30"]
[SourceQuality "1"]

1. e4 e5 2. Nf3 Nc6 3. Nc3 Nf6 4. Bb5 Bb4 5. 0-0 0-0 6. d3 d6 7. Bxc6 bxc6 8. Ne2 Re8 9. c3 Bc5 10. Ng3 d5 11. d4 exd4 12. e5 Ne4 13. cxd4 Bb6 14. Qc2 Bg4 15. Be3 Nxg3 16. hxg3 f6 17. exf6 Bxf3 18. f7+ Kxf7 19. Qf5+ Kg8 20. gxf3 Qd6 21. Kg2 Rf8 22. Qe5 Qd7 23. Qh5 Rf5 24. Qh3 Raf8 25. Rh1 h6 26. f4 Qe7 27. g4 R5f7 28. Rae1 Qb4 29. f5 Bxd4 30. Bxh6 gxh6 31. Qxh6 Bxb2 32. Qg6+ Rg7 33. Qe6+ Rff7 34. Qc8+ Rf8 1/2-1/2

[Event "Bohumin op-A 6th"]
[Site "Bohumin"]
[Date "2023.07.04"]
[Round "4"]
[White "Kondys, Piotr"]
[Black "Kozelsky, Marek"]
[Result "1-0"]
[WhiteElo "2063"]
[BlackElo "1903"]
[PlyCount "37"]
[EventDate "2023.07.01"]
[EventType "swiss"]
[EventRounds "9"]
[EventCountry "CZE"]
[SourceTitle "CBM 215 Extra"]
[Source "ChessBase"]
[SourceDate "2023.09.30"]
[SourceVersion "1"]
[SourceVersionDate "2023.09.30"]
[SourceQuality "1"]

1. e4 d5 2. exd5 Qxd5 3. Nc3 Qd6 4. d4 Nf6 5. Nf3 c6 6. Ne5 Nbd7 7. Nc4 Qe6+ 8. Ne3 Nb6 9. Bd3 g6 10. 0-0 Bg7 11. Ne2 0-0 12. a4 Rd8 13. c3 Qd6 14. a5 Nbd7 15. Nc4 Qc7 16. Bf4 e5 17. Nxe5 Nh5 18. Bg5 f6 19. Qb3+ 1-0

[Event "Malopolska-ch"]
[Site "Krakow"]
[Date "2023.06.08"]
[Round "2"]
[White "Kacprzak, Kacper"]
[Black "Kondys, Piotr"]
[Result "1/2-1/2"]
[WhiteElo "2228"]
[BlackElo "1929"]
[PlyCount "93"]
[EventDate "2023.06.08"]
[EventType "swiss"]
[EventRounds "7"]
[EventCountry "POL"]
[SourceTitle "CBM 214 Extra"]
[Source "ChessBase"]
[SourceDate "2023.07.31"]
[SourceVersion "1"]
[SourceVersionDate "2023.07.31"]
[SourceQuality "1"]

1. e4 e5 2. Nf3 Nc6 3. Bb5 a6 4. Ba4 Nf6 5. 0-0 Be7 6. Re1 b5 7. Bb3 0-0 8. a4 Rb8 9. axb5 axb5 10. h3 d6 11. c3 Nd7 12. d4 Bf6 13. Be3 Ne7 14. Bc2 c5 15. Nbd2 Qc7 16. Nf1 Nb6 17. dxe5 dxe5 18. Qe2 Nc4 19. Bc1 Bb7 20. Ne3 Nxe3 21. Bxe3 c4 22. Nd2 Ra8 23. Rab1 Ra2 24. Rec1 Qa5 25. Bc5 Rc8 26. Bb4 Qa8 27. Nf3 Ng6 28. Rd1 Ra6 29. Rd2 Re6 30. Rbd1 Ree8 31. Qe3 Red8 32. Kh2 Rxd2 33. Rxd2 Rd8 34. b3 Rxd2 35. Nxd2 cxb3 36. Nxb3 h6 37. Nc5 Bc6 38. g3 Qa1 39. Qe2 Qa2 40. Kg2 Be7 41. Qd3 Qc4 42. Qxc4 bxc4 43. Na6 Bd8 44. Bc5 Nf8 45. Nb4 Bb7 46. f3 Ne6 47. Be3 1/2-1/2

[Event "EU-ch Rapid"]
[Site "Katowice"]
[Date "2022.12.17"]
[Round "3"]
[White "Kosakowski, Jakub"]
[Black "Kondys, Piotr"]
[Result "1-0"]
[WhiteElo "2475"]
[BlackElo "1905"]
[PlyCount "87"]
[EventDate "2022.12.17"]
[EventType "swiss (rapid)"]
[EventRounds "11"]
[EventCountry "POL"]
[SourceTitle "CBM 211 Extra"]
[Source "ChessBase"]
[SourceDate "2023.01.31"]
[SourceVersion "1"]
[SourceVersionDate "2023.01.31"]
[SourceQuality "1"]

1. e4 e5 2. Nf3 Nc6 3. Bb5 a6 4. Ba4 Nf6 5. 0-0 Be7 6. Re1 b5 7. Bb3 d6 8. c3 0-0 9. h3 Na5 10. Bc2 c5 11. d4 Qc7 12. Nbd2 Nc6 13. d5 Nd8 14. a4 Rb8 15. b4 c4 16. Nf1 Ne8 17. axb5 axb5 18. Ng3 g6 19. Nh2 Ng7 20. f4 exf4 21. Bxf4 f6 22. Ng4 Bxg4 23. hxg4 Nf7 24. Ne2 Ra8 25. Nd4 Qd7 26. Qd2 Rfe8 27. Rf1 Rf8 28. Be3 Rfb8 29. Nc6 Rf8 30. Bd4 Ne5 31. Rxa8 Rxa8 32. g5 Rf8 33. Bd1 Ne8 34. Bf3 Nxf3+ 35. Rxf3 fxg5 36. Rxf8+ Kxf8 37. Be3 h6 38. Qf2+ Kg7 39. Nd4 Nc7 40. Qa2 Qg4 41. Qa7 Qxe4 42. Ne6+ Nxe6 43. Qxe7+ Kh8 44. Bd4+ 1-0

[Event "EU-ch Blitz"]
[Site "Katowice"]
[Date "2022.12.16"]
[Round "6"]
[White "Kondys, Piotr"]
[Black "Haug, Havard"]
[Result "1-0"]
[WhiteElo "1905"]
[BlackElo "2044"]
[PlyCount "147"]
[EventDate "2022.12.16"]
[EventType "swiss (blitz)"]
[EventRounds "22"]
[EventCountry "POL"]
[SourceTitle "CBM 211 Extra"]
[Source "ChessBase"]
[SourceDate "2023.01.31"]
[SourceVersion "1"]
[SourceVersionDate "2023.01.31"]
[SourceQuality "1"]

1. e4 c6 2. d4 d5 3. exd5 cxd5 4. Bd3 Nc6 5. c3 Nf6 6. Bf4 g6 7. Nf3 Bf5 8. Ne5 Bg7 9. 0-0 Bxd3 10. Nxd3 0-0 11. h3 Rc8 12. Nd2 e6 13. Re1 b6 14. Qa4 Qd7 15. Qd1 Rfe8 16. a4 Na5 17. Ne5 Qb7 18. Qe2 Nc6 19. Nd3 Nd7 20. Nf3 Na5 21. h4 f6 22. g3 e5 23. dxe5 fxe5 24. Ndxe5 Nxe5 25. Nxe5 Nc4 26. Qg4 Nxe5 27. Bxe5 Bxe5 28. h5 Qf7 29. Rxe5 Rxe5 30. Qxc8+ Kg7 31. hxg6 hxg6 32. Qg4 Re4 33. Qg5 Re2 34. Rf1 Rxb2 35. Qe5+ Kg8 36. Qb8+ Kg7 37. Qe5+ Qf6 38. Qxd5 Re2 39. Kg2 Re7 40. c4 Qe5 41. Rd1 Qe4+ 42. Kg1 Qxd5 43. cxd5 Kf6 44. Kg2 Rd7 45. f4 Ke7 46. Kf3 a6 47. Ke4 Kd6 48. Kd4 b5 49. axb5 axb5 50. Re1 Rg7 51. Re6+ Kd7 52. Rb6 Kc7 53. Rxb5 g5 54. f5 Rh7 55. Rc5+ Kd7 56. Ra5 Rh3 57. Ra3 Rh1 58. Ke5 g4 59. Ra7+ Kc8 60. Rg7 Re1+ 61. Kd6 Rf1 62. Ke6 Re1+ 63. Kf6 Rd1 64. Rxg4 Rxd5 65. Re4 Kd8 66. g4 Rd6+ 67. Re6 Rd3 68. g5 Rg3 69. g6 Kd7 70. Re1 Kd6 71. Rd1+ Kc5 72. g7 Kc4 73. Kf7 Kc3 74. g8Q 1-0

[Event "EU-ch Blitz"]
[Site "Katowice"]
[Date "2022.12.16"]
[Round "13"]
[White "Marn, Jan"]
[Black "Kondys, Piotr"]
[Result "1/2-1/2"]
[WhiteElo "2332"]
[BlackElo "1905"]
[PlyCount "146"]
[EventDate "2022.12.16"]
[EventType "swiss (blitz)"]
[EventRounds "22"]
[EventCountry "POL"]
[SourceTitle "CBM 211 Extra"]
[Source "ChessBase"]
[SourceDate "2023.01.31"]
[SourceVersion "1"]
[SourceVersionDate "2023.01.31"]
[SourceQuality "1"]

1. Nf3 d5 2. g3 Nf6 3. Bg2 c5 4. 0-0 Nc6 5. d4 e6 6. c4 dxc4 7. dxc5 Qxd1 8. Rxd1 Bxc5 9. Nbd2 c3 10. bxc3 0-0 11. Nb3 Be7 12. c4 Bd7 13. Bb2 Rfd8 14. Nfd4 Be8 15. Nxc6 Bxc6 16. Bxc6 bxc6 17. Na5 c5 18. Nc6 Rxd1+ 19. Rxd1 Kf8 20. Bxf6 Bxf6 21. Rd7 a5 22. Ra7 Rxa7 23. Nxa7 Ke8 24. a4 Kd7 25. Nb5 Bb2 26. Kf1 Kc6 27. Ke1 Ba1 28. Kd2 Bf6 29. Na3 Bb2 30. Nc2 Kd6 31. Kd3 f5 32. e4 g6 33. h3 Ke5 34. f3 Kd6 35. Ne3 Bc1 36. Nd1 Bh6 37. Nc3 Bg7 38. Ne2 Bh6 39. g4 fxg4 40. fxg4 Bg5 41. Ng1 Ke5 42. Ne2 Bh4 43. Nc1 Kf4 44. Nb3 Kg3 45. Nxa5 Kxh3 46. Nb3 Kxg4 47. a5 Bd8 48. a6 Bb6 49. Ke3 Kg3 50. Nd2 h5 51. Nf1+ Kg2 52. Ke2 h4 53. Ne3+ Kg3 54. Nc2 h3 55. Ne3 h2 56. Nf1+ Kg2 57. Nxh2 Kxh2 58. Kf3 Kh3 59. Kf4 Kh4 60. Ke5 g5 61. Kxe6 g4 62. Kd5 g3 63. e5 g2 64. e6 g1Q 65. Kc6 Qg6 66. Kxb6 Qxe6+ 67. Kb7 Qd7+ 68. Kb6 Qc8 69. a7 Qa8 70. Kxc5 Qxa7+ 71. Kd6 Qb8+ 72. Kd5 Qc8 73. c5 Kg5 1/2-1/2